000 00749nam a22002417a 4500
999 _c2416
_d2416
003 AR-CdUCM
008 190304b ||||| |||| 00| 0 spa d
040 _aMUNICIPALIDAD PROVINCIAL DEL CUSCO
_cBIBLIOTECA MUNICIPAL DEL CUSCO
082 _a985. 009 /
_bBP2
100 _aPurizaga, Medardo
_98674
245 _aPachacutec, Huayna capac /
260 _aLima :
_bRafael Montoya Lara Editores,
_c1964.
300 _a114 Páginas ;
_c20 cm.
505 _aContenido: Historia de Pachacutec y Huayna Capac
650 _aPachacutec
_98675
650 _aHuayna Capac
_95647
650 _aHistoria el Perú
_98676
650 _aIncas
_9303
650 _aTawantinsuyu
_91835
700 _aAranibar, Carlos
_98677
942 _2ddc
_cLIBROS
945 _adavv